000 00568nam a2200205Ia 4500
999 _c29546
_d29546
003 GCL
005 20240530102050.0
008 140319s9999 xx 000 0 ara d
040 _aGCL /
_cGCL
082 0 4 _a227.6
_bم ذ
100 1 _aمحمد كامل حسين
245 1 0 _aالذكر الحكيم /
_cمحمد كامل حسين
260 _a[S.N] :
_bمكتبة النهضة المصرية ،
_c1971
300 _a204 ص
650 0 4 _aالاسلام
650 0 4 _aالديانات
650 0 4 _aتفاسير
650 0 4 _aالقران
942 _2ddc
_cBK